Project management : A managerial approach

Bibliographic Details
Main Author: Meredith, Jack R.
Other Authors: Mantel, Samuel J.
Format: Book
Published: New York : John Wiley & Sons , c 2002
Edition:5th ed.
Subjects:

MARC

LEADER 00000cam a2200000 7i4500
001 0000014772
005 20050430.0
020 |a 0471073237 
040 |a INS 
090 0 0 |a HD69.P75   |b M47 2002 
100 1 |a Meredith, Jack R. 
245 1 0 |a Project management :   |b A managerial approach   |c Jack R. Meredith, Samuel J. Mantel 
250 |a 5th ed. 
260 |a New York :   |b John Wiley & Sons ,   |c c 2002 
300 |a 616p. ;   |c 25cm + 1 computer optical disc (4 3/3in). 
650 0 0 |a Industrial project management 
700 1 |a Mantel, Samuel J. 
999 |a 0000014749   |b BOOK   |c Open Shelf   |e Default branch 
999 |a 0000014750   |b BOOK   |c Open Shelf   |e Default branch